<?xml version="1.0" encoding="UTF-8"?>
<collection xmlns:xsi="http://www.w3.org/2001/XMLSchema-instance" xsi:schemaLocation="http://www.loc.gov/MARC21/slim http://www.loc.gov/standards/marcxml/schema/MARC21slim.xsd" xmlns="http://www.loc.gov/MARC21/slim">
 <record>
  <leader>00000cab a22000003a 4500</leader>
  <controlfield tag="001">UP-99796217609500292</controlfield>
  <controlfield tag="003">Buklod</controlfield>
  <controlfield tag="005">20231007234344.0</controlfield>
  <controlfield tag="006">m    |o  d |      </controlfield>
  <controlfield tag="007">ta</controlfield>
  <controlfield tag="008">101009s        xx     d | ||r |||||   ||</controlfield>
  <datafield tag="040" ind1=" " ind2=" ">
   <subfield code="a">DENGII</subfield>
  </datafield>
  <datafield tag="041" ind1=" " ind2=" ">
   <subfield code="a">eng</subfield>
  </datafield>
  <datafield tag="100" ind1="0" ind2=" ">
   <subfield code="a">Qiushuang Zhang</subfield>
  </datafield>
  <datafield tag="245" ind1="0" ind2="0">
   <subfield code="a">Partial BIST insertion to eliminate data correlation.</subfield>
  </datafield>
  <datafield tag="300" ind1=" " ind2=" ">
   <subfield code="a">pp. 374-379</subfield>
  </datafield>
  <datafield tag="520" ind1=" " ind2=" ">
   <subfield code="a">A new partial built-in self-test (BIST) insertion approach based on eliminating data correlation to improve pseudorandom testability is presented. Data correlation causes the circuit to be in a subset of states more or less frequently, which leads to low fault coverage in pseudorandom test. One important cause of correlation is reconvergent fanout. Incorporating BIST test flip-flops into reconvergent paths will break correlation, however, breaking all reconvergent fanout is unnecessary since some reconvergent fanout results in negligible correlation. We introduce a metric to determine the degree of correlation caused by a set of reconvergent fanout paths. We use this metric to identify problematic reconvergent fanout which must be broken through partial BIST insertion. Based on this metric, we provide an exact method and a heuristic method to measure the data correlation. We provide an algorithm to break high correlation reconvergent paths. Our algorithm provides high fault coverage while selecting fewer BIST flip-flops than required using loop-breaking techniques. Experimental results produced using our exact algorithm rank on average among the top 11.6% of all possible solutions with the same number of flip-flops.</subfield>
  </datafield>
  <datafield tag="653" ind1=" " ind2=" ">
   <subfield code="a">Data correlation metric.</subfield>
  </datafield>
  <datafield tag="653" ind1=" " ind2=" ">
   <subfield code="a">Fault coverage.</subfield>
  </datafield>
  <datafield tag="653" ind1=" " ind2=" ">
   <subfield code="a">Flip-flop.</subfield>
  </datafield>
  <datafield tag="653" ind1=" " ind2=" ">
   <subfield code="a">Heuristic method.</subfield>
  </datafield>
  <datafield tag="653" ind1=" " ind2=" ">
   <subfield code="a">Partial built-in self-test insertion algorithm.</subfield>
  </datafield>
  <datafield tag="653" ind1=" " ind2=" ">
   <subfield code="a">Pseudorandom testability.</subfield>
  </datafield>
  <datafield tag="653" ind1=" " ind2=" ">
   <subfield code="a">Reconvergent fanout.</subfield>
  </datafield>
  <datafield tag="773" ind1="0" ind2=" ">
   <subfield code="t">IEEE Transactions on computer-aided design of integrated circuits and systems</subfield>
   <subfield code="g">22, 3 (2003).</subfield>
  </datafield>
  <datafield tag="905" ind1=" " ind2=" ">
   <subfield code="a">FO</subfield>
  </datafield>
  <datafield tag="852" ind1=" " ind2=" ">
   <subfield code="a">UPD</subfield>
   <subfield code="b">DENG-II</subfield>
  </datafield>
  <datafield tag="942" ind1=" " ind2=" ">
   <subfield code="a">Article</subfield>
  </datafield>
 </record>
</collection>
